000 00545nam a22001697a 4500
005 20251108165545.0
008 250721s1996 xx 000 0 ara d
082 1 4 _aم/414/جرج
100 1 _aالجرجاني، أبو بكر عبد القاهر بن عبد الرحمن
245 1 0 _aأسرار البلاغة في علم البيان /
264 1 _aبيروت :
_bدار الكتاب العربي،
_c1996.
300 _a331ص
650 1 7 _aالبلاغة
650 1 7 _aاللغة العربية
942 _2ddc
_cREF
999 _c30694
_d30694